Представление документа в формате MARC21

Поле Инд. ПП Название Значение
Тип записи a
Библиографический уровень b
001 Контрольный номер RU/IS/BASE/323368285
005 Дата корректировки 20200601191428.5
008 Кодируемые данные 20100331
040 b Код языка каталог. rus
e Правила каталог. PSBO
041 0_ a Код языка текста rus
084 a Индекс другой классификации/Индекс ББК 83.011.7
100 1_ a Автор Кудашова Н. Н.
245 10 a Заглавие Текстовый антропоцентризм в аспекте художественной когниции
504 a Библиография Библиогр. ссылки
520 0_ a Аннотация Рассматривается процесс художественной когниции как формирование и взаимодействие на текстовом уровне концептов разного статуса и качества. Предлагается направление в исследовании текстового концепта: отыскание когнитивных "нитей", определивших конкретный образ действительности, изображенной в художественном тексте. Для анализа привлечены тексты А. Цвейга и Э.-М. Ремарка
650 04 a Основная рубрика литературоведение
a Основная рубрика поэтика
a Основная рубрика теория литературы
a Основная рубрика филологические науки
653 0_ a Ключевые слова анализ художественного текста
a Ключевые слова когнитивная лингвистика
a Ключевые слова концепт
a Ключевые слова концепт "война"
a Ключевые слова лингвистика текста
a Ключевые слова немецкий язык
a Ключевые слова текстовые концепты
a Ключевые слова текстовый антропоцентризм
a Ключевые слова художественная когниция
a Ключевые слова художественный текст
773 08 t Заглавие источника Филологические науки
d Дата издания источника 2009
g Прочая информация № 2. - С. 109 - 117
w Контрольный № источника RU/IS/BASE/293108061
901 t Тип документа b